Công tác Đảng và đoàn thể trong trường học : Đề cương bài giảng
Tài liệu bao gồm một số vấn đề lý luận và kỹ năng cơ bản của công tác đoàn thể trong trường học và công tác với các tổ chức đoàn thể: Đảng Cộng sản Việt Nam, Công đoàn Giáo dục Việt Nam, Đoàn Thanh niên Cộng sản Hồ Chí Minh, Đội Thiê...
Wedi'i Gadw mewn:
| Prif Awdur: | |
|---|---|
| Fformat: | Llyfr |
| Iaith: | Undetermined |
| Cyhoeddwyd: |
Cần Thơ
Trường Đại học Cần Thơ
2007
|
| Pynciau: | |
| Tagiau: |
Ychwanegu Tag
Dim Tagiau, Byddwch y cyntaf i dagio'r cofnod hwn!
|
| Thư viện lưu trữ: | Trung tâm Học liệu Trường Đại học Cần Thơ |
|---|
| LEADER | 01124nam a2200205Ia 4500 | ||
|---|---|---|---|
| 001 | CTU_145630 | ||
| 008 | 210402s9999 xx 000 0 und d | ||
| 082 | |a 324.2597075 | ||
| 082 | |b H513 | ||
| 100 | |a Phan, Huy Hùng | ||
| 245 | 0 | |a Công tác Đảng và đoàn thể trong trường học : | |
| 245 | 0 | |b Đề cương bài giảng | |
| 245 | 0 | |c Phan Huy Hùng biên soạn | |
| 260 | |a Cần Thơ | ||
| 260 | |b Trường Đại học Cần Thơ | ||
| 260 | |c 2007 | ||
| 520 | |a Tài liệu bao gồm một số vấn đề lý luận và kỹ năng cơ bản của công tác đoàn thể trong trường học và công tác với các tổ chức đoàn thể: Đảng Cộng sản Việt Nam, Công đoàn Giáo dục Việt Nam, Đoàn Thanh niên Cộng sản Hồ Chí Minh, Đội Thiếu niên Tiền phong Hồ Chí Minh và các tổ chức khác trong nhà trường Việt Nam. | ||
| 650 | |a Communist parties | ||
| 904 | |i Bạch Trúc | ||
| 980 | |a Trung tâm Học liệu Trường Đại học Cần Thơ | ||